English Alphabet by Sounds - Statistics

General Stats
  • This quiz has been taken 22 times
  • The average score is 19 of 26
Answer Stats
Letter Answer % Correct
B bee
93%
D dee
93%
E ee
93%
F ef
87%
G gee
87%
A aye
80%
L el
80%
M em
80%
N en
80%
S es
80%
J jay
80%
K kay
80%
P pee
80%
T tee
80%
V vee
80%
R are
73%
I eye
73%
C see
73%
Y why
73%
Z zee
73%
U you
67%
X ex
60%
W double-you
40%
Q queue
40%
H aich
27%
O owe
13%
No matching quizzes found
Score Distribution
Percent of People with Each Score
Percentile by Number Answered
Your Score History
You have not taken this quiz